000
00296nam a22001337a 4500
008
181012b xxu||||| |||| 00| 0 eng d
020
_a
9780683061413
041
_a
eng
080
_a
611
100
_a
6
101
_a
ANA
245
_a
Clinically Oriented Anatomy
_c
Moore, K.L
942
_2
udc
_c
BK
999
_c
49515
_d
49515